PUBLIC HEALTH DENTISTRY (Record no. 4609)

MARC details
000 -LEADER
fixed length control field 00385nam a2200145Ia 4500
008 - FIXED-LENGTH DATA ELEMENTS--GENERAL INFORMATION
fixed length control field 150201s2011 xx 000 0 und d
082 ## - DEWEY DECIMAL CLASSIFICATION NUMBER
Classification number 617.601
Item number P2011
100 ## - MAIN ENTRY--PERSONAL NAME
Personal name SIKRI, POONAM
245 ## - TITLE STATEMENT
Title PUBLIC HEALTH DENTISTRY
250 ## - EDITION STATEMENT
Edition statement 1ST
260 ## - PUBLICATION, DISTRIBUTION, ETC. (IMPRINT)
Name of publisher, distributor, etc. C.B.S PUBLISHERS & DISTRIBUTERS
Place of publication, distribution, etc. DELHI
Date of publication, distribution, etc. 2011
300 ## - PHYSICAL DESCRIPTION
Extent 1-538
650 ## - SUBJECT ADDED ENTRY--TOPICAL TERM
Topical term or geographic name as entry element PREVENTIVE AND COMMUNITY DENTISTRY
942 ## - ADDED ENTRY ELEMENTS (KOHA)
Source of classification or shelving scheme Dewey Decimal Classification
Koha item type Books
Holdings
Withdrawn status Lost status Source of classification or shelving scheme Damaged status Not for loan Home library Current library Date acquired Source of acquisition Cost, normal purchase price Serial Enumeration / chronology SGTU Bill Number Total Checkouts Full call number Barcode Date last seen Date last checked out Bill Date Koha item type
    Dewey Decimal Classification     SGT Dental Library SGT Dental Library 28/10/2010 C.B.S.DELHI 525.00 1 SGTU COMP 1 617.601 P2011 FD6378 14/02/2019 14/02/2019 13/04/2013 Books
    Dewey Decimal Classification     SGT Dental Library SGT Dental Library 11/11/2011 U.B.S.DELHI 425.00 1 SGTU 514   617.601 P2011S FD6535 09/02/2015   07/06/2013 Books
    Dewey Decimal Classification     SGT Dental Library SGT Dental Library 11/11/2011 U.B.S.DELHI 425.00 1 SGTU 514   617.601 P2011S FD6536 28/11/2023   07/06/2013 Books
    Dewey Decimal Classification     SGT Dental Library SGT Dental Library 11/11/2011 U.B.S.DELHI 425.00 1 SGTU 514 1 617.601 P2011S FD6537 04/09/2025 04/09/2025 07/06/2013 Books
    Dewey Decimal Classification     SGT Dental Library SGT Dental Library 11/11/2011 U.B.S.DELHI 425.00 1 SGTU 514   617.601 P2011S FD6538 09/02/2015   07/06/2013 Books
    Dewey Decimal Classification     SGT Dental Library SGT Dental Library 11/11/2011 U.B.S.DELHI 425.00 1 SGTU 514   617.601 P2011S FD6539 09/02/2015   07/06/2013 Books
    Dewey Decimal Classification     SGT Dental Library SGT Dental Library 11/11/2011 U.B.S.DELHI 425.00 1 SGTU 514   617.601 P2011S FD6540 09/02/2015   07/06/2013 Books